| Tag |
First Indicator |
Second Indicator |
Subfields |
| LEADER |
00000cas a2200000 a 4500 |
| 001 |
in00002394721 |
| 005 |
20211129155735.0 |
| 008 |
030801c19879999dcuuu f0 0eng d |
| 010 |
|
|
|a 2008230306
|
| 035 |
|
|
|a (OCoLC)ocm52768533
|
| 037 |
|
|
|b For sale by the Supt. of Docs., U.S. Govt. Print. Off., Mail: Stop IDCC, Washington, DC 20402-0001
|
| 040 |
|
|
|a GYG
|c GYG
|d OCLCQ
|d GPO
|d MvI
|d UtOrBLW
|
| 042 |
|
|
|a lcd
|
| 043 |
|
|
|a n-us---
|
| 049 |
|
|
|a UDOC
|a WWW
|
| 074 |
|
|
|a 1008-C
|
| 074 |
|
|
|a 1008-D (MF)
|
| 074 |
|
|
|a 1008-C (online)
|
| 074 |
|
|
|a 1008-D (online)
|
| 086 |
0 |
|
|a Y 1.1/8:
|
| 110 |
1 |
|
|a United States.
|b Congress.
|b House.
|
| 245 |
1 |
0 |
|a National Defense Authorization Act for fiscal year ... :
|b conference report ...
|
| 246 |
1 |
|
|a Strom Thurmond National Defense Authoriation Act for fiscal year ...
|f 1999
|
| 246 |
1 |
|
|a Ronald W. Reagan National Defense Authorization Act for fiscal year ...
|f 2005
|
| 246 |
1 |
|
|a John Warner National Defense Authorization Act for fiscal year ...
|f 2007
|
| 264 |
|
1 |
|a Washington, D.C. :
|b U.S. G.P.O.,
|c 1986-
|
| 336 |
|
|
|a text
|b txt
|2 rdacontent
|
| 337 |
|
|
|a unmediated
|b n
|2 rdamedia
|
| 338 |
|
|
|a volume
|b nc
|2 rdacarrier
|
| 362 |
0 |
|
|a 1987-
|
| 300 |
|
|
|a volumes ;
|c 24 cm.
|
| 490 |
1 |
|
|a Report / ... Congress ... session, House of Representatives
|
| 500 |
|
|
|a Distributed to some depository libraries in microfiche.
|
| 500 |
|
|
|a Description based on: 1987, House report 99-1001, 99th Cong., 2nd sess.
|
| 530 |
|
|
|a Some issues also available via Internet from the GPO Access Serial Set Congressional Reports Web site. Address as of 3/13/08: http://www.gpoaccess.gov/serialset/creports/index.html ; current access is available via PURL.
|
| 610 |
1 |
0 |
|a United States.
|b Department of Defense
|x Appropriations and expenditures.
|
| 651 |
|
0 |
|a United States
|x Appropriations and expenditures.
|
| 776 |
1 |
|
|c Microfiche
|d Supt. of Docs., U.S. G.P.O.
|w (OCoLC)52995125
|
| 780 |
0 |
0 |
|t Department of Defense Authorization Act ...
|w (OCoLC)52768469
|
| 810 |
1 |
|
|a United States.
|b Congress.
|b House.
|t Report.
|
| 856 |
4 |
1 |
|u https://purl.fdlp.gov/GPO/LPS92072
|t 0
|
| 999 |
|
|
|a MARS
|
| 999 |
f |
f |
|s 7f994229-dd29-3836-a4c9-2a479730fffb
|i d31f20a3-61f1-3326-bf30-fe2269c76d12
|t 0
|
| 952 |
f |
f |
|a Texas A&M University
|b College Station
|c Electronic Resources
|d Available Online
|t 0
|e Y 1.1/8:
|h Superintendent of Documents classification
|
| 998 |
f |
f |
|a Y 1.1/8:
|t 0
|l Available Online
|